|
|
|
|
| LEADER |
00000cam a2200000 7i4500 |
| 001 |
0000001758 |
| 005 |
20011115.0 |
| 090 |
0 |
0 |
|a 659.2
|b SIM 1976
|
| 100 |
1 |
0 |
|a SIM
|h Douglas
|
| 245 |
1 |
0 |
|a Public relations :
|b (a collection of teaching notes for use by instructors and students)
|c compiled by Douglas Sim
|
| 260 |
0 |
0 |
|a Kuala Lumpur :
|b UNDP ,
|c 1976
|
| 300 |
|
|
|a 18 p. ;
|c 28 cm.
|
| 650 |
0 |
0 |
|a Public relations
|x Study and teaching
|
| 998 |
|
|
|a JPSM
|
| 999 |
|
|
|a 0000002793
|b Monograph
|c Open Shelf
|e Default branch
|
| 999 |
|
|
|a 0000005112
|b Monograph
|c Open Shelf
|e Default branch
|
| 999 |
|
|
|a 0000005113
|b Monograph
|c Open Shelf
|e Default branch
|